[Event "AUTO-INT-2483"]
[Site "http://www.queenalice.com/game.php?id=1121206"]
[Date "2012.11.12"]
[Round "1"]
[White "TorresR"]
[Black "tonycap"]
[Result "0-1"]
[WhiteElo "1695"]
[BlackElo "1666"]

1. e4 e5 2. Nf3 Bd6 3. Bc4 Nf6 4. Ng5 O-O 5. d3 Bb4+ 6. Bd2 Bc5 7. Nc3 Qe7 8.
Qf3 Nc6 9. Nd5 Nxd5 10. Bxd5 Nd4 11. Qh5 h6 12. Nxf7 Rxf7 13. O-O Ne6 14. Kh1
Bxf2 15. Bxh6 gxh6 16. Qxh6 Rh7 17. Qg6+ Rg7 18. Qh6 Qf7 19. Rad1 a5 20. Rd2
Rxg2 21. Rdxf2 Rxf2 22. Qh8+ Kxh8 0-1

[Event "AUTO-INT-2483"]
[Site "http://www.queenalice.com/game.php?id=1121207"]
[Date "2012.11.12"]
[Round "1"]
[White "tonycap"]
[Black "TorresR"]
[Result "1-0"]
[WhiteElo "1683"]
[BlackElo "1772"]

1. e4 e5 2. Nf3 Nc6 3. Bb5 Bc5 4. Qe2 Nf6 5. Bc4 O-O 6. Ng5 d6 7. Nxf7 Rxf7 8.
Bxf7+ Kxf7 9. d3 Be6 10. Bg5 h6 11. Bh4 Bg4 12. f3 g5 13. Bg3 Bh5 14. Nc3 Kg7
15. h4 Bg6 16. O-O-O a5 17. Kd2 d5 18. exd5 Nd4 19. Qxe5 Bd6 20. Qxd4 Bxg3 21.
hxg5 Ra6 22. Ne4 Bf4+ 23. Ke1 Qxd5 24. Qxd5 Nxd5 25. gxh6+ Kh7 26. Nc5 Rb6 27.
b3 Nc3 28. Ra1 Bxh6 29. Nd7 Re6+ 30. Kf1 Re2 31. Nf6+ Kg7 32. Nd7 Be3 33. Re1
Rf2+ 34. Kg1 Ne2+ 35. Kh2 Bf4+ 36. Kh3 Bf5+ 37. Kh4 Kh6 38. g4 Bxd7 39. Ref1
Bg5+ 40. Kh3 Bxg4+ 41. Kxg4+ 1-0

[Event "AUTO-INT-2483"]
[Site "http://www.queenalice.com/game.php?id=1121224"]
[Date "2012.11.12"]
[Round "1"]
[White "tonycap"]
[Black "JeanCanada"]
[Result "0-1"]
[WhiteElo "1712"]
[BlackElo "1507"]

1. e4 e5 2. Nf3 Bb4 3. c3 Bc5 4. Qe2 Nf6 5. Nxe5 d6 6. Nf3 Qe7 7. d4 Bb6 8. Qb5+
c6 9. Qe2 O-O 10. Bg5 Bg4 11. h3 Bxf3 12. Qxf3 h6 13. Bf4 Nxe4 14. Qg4 Nf6+ 15.
Qe2 Re8 16. Bxd6 Qxd6 17. Qxe8+ Nxe8 18. Nd2 Nf6 19. Bc4 Qe7+ 20. Kd1 Nbd7 21.
Re1 Qd6 22. g3 Re8 23. Rf1 c5 24. d5 Ne5 25. Bb5 Rd8 26. Kc2 Qxd5 27. Rfd1 c4
28. Nxc4 Qe4+ 29. Kb3 Rxd1 30. Rxd1 Bxf2 31. g4 a6 32. Nd6 Qg2 33. Bd3 Qd5+ 34.
Nc4 Qb5+ 35. Kc2 Qa4+ 36. Kd2 Nxc4+ 37. Ke2 Nxb2 38. Rd2 Nxd3 39. Kxd3 Bb6 40.
Rb2 Qd7+ 41. Kc2 Be3 42. Kb3 Qd1+ 43. Kc4 b5+ 44. Kb4 Nd5+ 45. Ka3 Qa4# 0-1

[Event "AUTO-INT-2483"]
[Site "http://www.queenalice.com/game.php?id=1121225"]
[Date "2012.11.12"]
[Round "1"]
[White "JeanCanada"]
[Black "tonycap"]
[Result "0-1"]
[WhiteElo "1529"]
[BlackElo "1703"]

1. e4 e5 2. Nf3 Nc6 3. Bc4 Qe7 4. c3 Nf6 5. h4 Nxe4 6. Qb3 d6 7. h5 Bg4 8. Rh4
Bf5 9. d3 Nc5 10. Qc2 Na5 11. Qd2 Nxc4 12. dxc4 Nd3+ 13. Kd1 a5 14. g4 Be4 15.
Nh2 Qxh4 16. f3 Nf2+ 17. Ke2 Bd3+ 18. Ke3 Qxh2 19. Qxf2 Qxf2+ 20. Kxf2 Bxc4 21.
Na3 Bd3 22. Bg5 h6 23. Be3 Be7 24. Rd1 Ba6 25. Rd5 b6 26. f4 e4 27. Rd4 Bh4+ 28.
Kg2 Bb7 29. Nb5 Rc8 30. Rxe4+ Bxe4+ 31. Kf1 Bf3 32. Bd4 Rg8 33. Na7 Ra8 34. Nb5
Kd7 35. Kg1 Rae8 36. Kh2 Bxg4 37. Bg1 Re2+ 38. Bf2 Rxf2+ 39. Kg1 Re8 0-1

[Event "AUTO-INT-2561"]
[Site "http://www.queenalice.com/game.php?id=1152998"]
[Date "2013.2.18"]
[Round "1"]
[White "lusobrpe"]
[Black "tonycap"]
[Result "1-0"]
[WhiteElo "1685"]
[BlackElo "1668"]

1. e4 e5 2. Nf3 Nc6 3. d4 Bb4+ 4. c3 Bd6 5. d5 Nce7 6. Bg5 Nf6 7. Bxf6 gxf6 8.
Be2 Ng6 9. O-O Ke7 10. Na3 Nf4 11. Nb5 Qg8 12. Nh4 Nh3+ 13. Kh1 Qg5 14. Nf5+ Kd8
15. gxh3 Rg8 16. Rg1 Qxg1+ 17. Qxg1 Rxg1+ 18. Rxg1 Ke8 19. Nxc7+ Kf8 20. Nxa8
Bc5 21. Rg7 d6 22. Rxh7 Bxf5 23. exf5 Kg8 24. Rh6 Kg7 25. Rh4 Bxf2 26. Rg4+ Kh6
27. Nc7 Bb6 28. Ne6 fxe6 29. dxe6 Bd8 30. Rg6+ Kh7 31. h4 d5 32. h5 Be7 33. Kg2
e4 34. Kg3 a6 35. Kh4 Bf8 36. Rxf6 Kg7 37. Kg5 Be7 38. h6+ Kh7 39. h4 e3 40. Kh5
Bxf6 41. b3 b5 42. c4 dxc4 43. bxc4 bxc4 44. Bxc4 a5 45. a3 Be7 46. Bd3 Bf6 47.
e7 Bxe7 48. f6+ Kg8 49. fxe7 Kf7 50. h7 Kxe7 51. h8=Q 1-0

[Event "AUTO-INT-2561"]
[Site "http://www.queenalice.com/game.php?id=1152999"]
[Date "2013.2.18"]
[Round "1"]
[White "tonycap"]
[Black "lusobrpe"]
[Result "1-0"]
[WhiteElo "1670"]
[BlackElo "1642"]

1. e4 e5 2. Nf3 Nc6 3. Bc4 Nh6 4. O-O Bc5 5. d3 O-O 6. Ng5 Be7 7. Qh5 Bxg5 8.
Bxg5 Ne7 9. Nd2 d5 10. exd5 Nhf5 11. Rae1 Nxd5 12. Bxd8 Rxd8 13. Rxe5 Nb6 14.
Bxf7+ Kh8 15. Rfe1 Bd7 16. Nf3 h6 17. c3 Na4 18. R1e2 b6 19. Ng5 Nc5 20. Qg6
hxg5 21. d4 Nd3 22. Rxf5 Nf4 23. Rxf4 Bf5 24. Rxf5 Rd6 25. Qh5+ Rh6 26. Qxg5 Rf8
27. Bg6 Rxg6 28. Qxg6 Rd8 29. Rf7 Rg8 30. Qh5# 1-0

[Event "AUTO-INT-2561"]
[Site "http://www.queenalice.com/game.php?id=1153014"]
[Date "2013.2.18"]
[Round "1"]
[White "tonycap"]
[Black "tianedutra"]
[Result "1-0"]
[WhiteElo "1642"]
[BlackElo "1689"]

1. e4 e6 2. Nf3 d5 3. Bd3 Ne7 4. O-O Nbc6 5. Nc3 d4 6. Ne2 g6 7. b3 Bg7 8. Ba3
O-O 9. c4 Re8 10. Ng5 Ne5 11. Nf4 h6 12. Nf3 N7c6 13. b4 Nxf3+ 14. Qxf3 Qg5 15.
b5 Ne5 16. Qh3 Qxf4 17. Rad1 Nxd3 18. Qxd3 Be5 19. g3 Qg4 20. f3 Qh5 21. Kg2 a6
22. c5 axb5 23. Qxb5 c6 24. Qb4 Bc7 25. Bb2 Be5 26. Bxd4 Bxd4 27. Qxd4 e5 28.
Qe3 Bh3+ 29. Kg1 Bxf1 30. Rxf1 Red8 31. Ra1 1-0

[Event "AUTO-INT-2561"]
[Site "http://www.queenalice.com/game.php?id=1153015"]
[Date "2013.2.18"]
[Round "1"]
[White "tianedutra"]
[Black "tonycap"]
[Result "1-0"]
[WhiteElo "1781"]
[BlackElo "1653"]

1. e4 e5 2. Nf3 Nc6 3. Bc4 Qe7 4. O-O Nf6 5. Ng5 h6 6. Nxf7 Rh7 7. d3 d6 8. Nc3
Be6 9. Bxe6 Qxe6 10. Nxe5 dxe5 11. Be3 Ng4 12. Nd5 O-O-O 13. c3 h5 14. Qb3 h4
15. Nb6+ axb6 16. Qxe6+ Kb8 17. Qxg4 Be7 18. Qe2 g5 19. h3 Rg7 20. b4 Na7 21. a4
Nc6 22. a5 Rd6 23. axb6 cxb6 24. Bxb6 Rdg6 25. Qg4 Bd8 26. Ra8+ Kxa8 27. Qc8+
Nb8 28. Ra1# 1-0

[Event "AUTO-INT-2561"]
[Site "http://www.queenalice.com/game.php?id=1153016"]
[Date "2013.2.18"]
[Round "1"]
[White "tonycap"]
[Black "carpielo"]
[Result "0-1"]
[WhiteElo "1685"]
[BlackElo "1660"]

1. e4 e5 2. Nf3 Nc6 3. Ng5 Qxg5 4. d3 Qd8 5. Qg4 d5 6. Qh5 dxe4 7. dxe4 Nf6 8.
Qg5 Nxe4 9. Qe3 Bf5 10. Bd3 Qd4 11. O-O Qxe3 12. Bxe3 O-O-O 13. f3 Nd6 14. Bg5
Bxd3 15. cxd3 f6 16. Be3 Nf5 17. Re1 Rxd3 18. Bf2 Nfd4 19. Nc3 Nc2 20. Red1 N6b4
21. Rab1 Rxd1+ 22. Rxd1 Bd6 23. Bxa7 b6 24. a3 Nc6 25. Nb5 Kb7 26. Bxb6 Kxb6 27.
Nxd6 cxd6 28. Rxd6 Rd8 29. Re6 Rd2 30. Re8 Ne1 31. Rh8 Nd3 32. h4 Nf4 33. Rxh7
Ne6 34. b4 Ncd4 35. a4 Ne2+ 36. Kh2 N2f4 37. Rh8 Rxg2+ 38. Kh1 Rg3 39. Rb8+ Kc7
40. Rh8 Nd4 41. Kh2 Rxf3 42. h5 Rh3+ 43. Kg1 Nxh5 44. Kg2 Nf4+ 45. Kg1 Rxh8 46.
Kf2 Rh3 47. b5 Ra3 48. b6+ Kxb6 49. Kg1 Ra2 0-1

[Event "AUTO-INT-2561"]
[Site "http://www.queenalice.com/game.php?id=1153017"]
[Date "2013.2.18"]
[Round "1"]
[White "carpielo"]
[Black "tonycap"]
[Result "1-0"]
[WhiteElo "1630"]
[BlackElo "1688"]

1. Nf3 e6 2. e4 Nf6 3. e5 Ne4 4. d3 Nc5 5. d4 Ne4 6. Bd3 f5 7. Bxe4 fxe4 8. Ng5
d5 9. Qg4 Qe7 10. O-O Nc6 11. Nc3 Kd8 12. Ngxe4 Nxd4 13. Bg5 Nf5 14. Bxe7+ Nxe7
15. Nc5 h5 16. Nxe6+ Bxe6 17. Qxe6 a6 18. Nxd5 Nxd5 19. Qxd5+ Ke8 20. Qxb7 Rd8
21. Qxc7 Rh6 22. Rad1 Rxd1 23. Rxd1 Re6 24. Qd7# 1-0

[Event "AUTO-INT-2483"]
[Site "http://www.queenalice.com/game.php?id=1193796"]
[Date "2013.6.24"]
[Round "2"]
[White "tonycap"]
[Black "fontaine"]
[Result "0-1"]
[WhiteElo "1658"]
[BlackElo "2515"]

1. e4 e5 2. f4 exf4 3. Nf3 g5 4. Ne5 Qe7 5. d4 d6 6. Bb5+ c6 7. Ba4 dxe5 8. d5
Nf6 9. d6 Qxd6 10. Qxd6 Bxd6 11. Nd2 Be6 12. Nf3 Nxe4 13. c3 Nd7 14. Bc2 Ndf6
15. b4 g4 16. Nh4 O-O-O 17. a4 Nxc3 18. b5 cxb5 19. axb5 Nxb5 20. Ra5 Bb4+ 21.
Ke2 Ne4 22. Bxe4 Nc3+ 0-1

[Event "AUTO-INT-2483"]
[Site "http://www.queenalice.com/game.php?id=1193797"]
[Date "2013.6.24"]
[Round "2"]
[White "fontaine"]
[Black "tonycap"]
[Result "1-0"]
[WhiteElo "2510"]
[BlackElo "1660"]

1. e4 e5 2. f4 Nf6 3. Nf3 exf4 4. e5 Ng4 5. h3 Nxe5 6. Qe2 d6 7. d4 Bf5 8. dxe5
dxe5 9. Qxe5+ Qe7 10. Bxf4 Qe6 11. Qxe6+ Bxe6 12. Bxc7 Nc6 13. Nc3 Bb4 14. Ng5
Bf5 15. Bc4 O-O 16. O-O-O a6 17. Rhf1 Bg6 18. Rd7 Rae8 19. Nxf7 Rxf7 20. Rfxf7
h5 21. Rxg7+ Kf8 22. Rg8# 1-0

[Event "AUTO-INT-2483"]
[Site "http://www.queenalice.com/game.php?id=1193798"]
[Date "2013.6.24"]
[Round "2"]
[White "tonycap"]
[Black "agilulfo"]
[Result "0-1"]
[WhiteElo "1649"]
[BlackElo "1889"]

1. e4 c5 2. Nc3 d6 3. Nd5 e6 4. Bb5+ Bd7 5. Nc3 Bxb5 6. Nxb5 Nc6 7. Nf3 Nf6 8.
Qe2 g6 9. O-O Bg7 10. e5 Nxe5 11. Nxe5 dxe5 12. Qxe5 O-O 13. Nc7 Nd5 14. Qg3
Qxc7 15. Qh4 b5 16. d3 Nb4 17. Bh6 Bxh6 18. Qxh6 Nxc2 19. Rad1 Rfd8 20. f4 Ne3
21. Rc1 Nxf1 22. Rxf1 Rxd3 23. f5 exf5 24. g3 Rad8 25. Qc1 Qd6 26. Kg2 Rd1 27.
Qc3 Rxf1 28. Kxf1 Qd3+ 29. Ke1 Re8+ 30. Kf2 Re2+ 31. Kf1 Qd1+ 32. Qe1 Qxe1# 0-1

[Event "AUTO-INT-2483"]
[Site "http://www.queenalice.com/game.php?id=1193799"]
[Date "2013.6.24"]
[Round "2"]
[White "agilulfo"]
[Black "tonycap"]
[Result "1-0"]
[WhiteElo "1882"]
[BlackElo "1656"]

1. d4 d5 2. c4 Nf6 3. cxd5 Nxd5 4. e4 Nf6 5. Nc3 e6 6. Nf3 Bb4 7. a3 Bxc3+ 8.
bxc3 Nxe4 9. Bd3 Nxc3 10. Qc2 Nd5 11. O-O Nc6 12. Bxh7 Qf6 13. Bg5 Nf4 14. Bxf6
gxf6 15. Be4 Bd7 16. Bxc6 Bxc6 17. Qd2 e5 18. dxe5 fxe5 19. Nxe5 Nh3+ 20. gxh3
Rg8+ 21. Ng4 f5 22. Rfe1+ Kf7 23. Qa2+ Kf8 24. Qe6 Rg7 25. Qxf5+ Kg8 26. Kf1 a6
27. h4 Bb5+ 28. Kg2 Rf8 29. Qe6+ Rff7 30. Kh3 Bc6 31. Nf6+ Kf8 32. Qc8+ Be8 33.
Qxe8# 1-0

[Event "AUTO-INT-2757"]
[Site "http://www.queenalice.com/game.php?id=1232070"]
[Date "2013.11.13"]
[Round "1"]
[White "carpielo"]
[Black "tonycap"]
[Result "0-1"]
[WhiteElo "1726"]
[BlackElo "1655"]

1. e4 e5 2. d4 Nc6 3. d5 Nb4 4. a3 Na6 5. Bxa6 bxa6 6. Nf3 d6 7. Nc3 Bd7 8. O-O
Be7 9. b4 Bg4 10. h3 Bh5 11. Na4 Nf6 12. Bg5 Nxe4 13. Bxe7 Qxe7 14. Qd3 Bg6 15.
Qxa6 O-O 16. Qe2 Bf5 17. g4 Bd7 18. Qxe4 Bxa4 19. c4 Bd7 20. h4 a5 21. Ng5 f5
22. gxf5 Bxf5 23. Qe3 axb4 24. axb4 Rab8 25. b5 c5 26. bxc6 Rb4 27. Ra7 Qf6 28.
Qc3 Rbb8 29. Rfa1 h6 30. c7 Rbc8 31. Nf3 Qg6+ 32. Kf1 Qf7 33. Ng1 Qh5 34. Rb7
Qxh4 35. Rb8 Qg4 36. Qg3 Qxg3 37. fxg3 Bg4+ 38. Ke1 Rxc7 39. Rxf8+ Kxf8 40. Rc1
Rb7 41. c5 dxc5 42. Rxc5 Rb3 43. d6 Rxg3 44. Rc7 Rxg1+ 45. Kf2 Rd1 0-1

[Event "AUTO-INT-2757"]
[Site "http://www.queenalice.com/game.php?id=1232071"]
[Date "2013.11.13"]
[Round "1"]
[White "tonycap"]
[Black "carpielo"]
[Result "0-1"]
[WhiteElo "1674"]
[BlackElo "1790"]

1. e4 e5 2. Nf3 Bd6 3. d4 Nc6 4. Bc4 exd4 5. Nxd4 Nxd4 6. Qxd4 Qf6 7. Qxf6 Nxf6
8. Nd2 Bf4 9. Nf3 Bxc1 10. Rxc1 Nxe4 11. O-O h6 12. Rce1 f5 13. Ne5 Rf8 14. Rd1
d6 15. Ng6 Rf6 16. Nf4 Bd7 17. Nh5 Rg6 18. c3 O-O-O 19. Rd5 Rg5 20. Ra5 Nd2 21.
Rxa7 Kb8 22. Ra5 Nxf1 23. Kxf1 Rxh5 24. h3 Rh4 25. Bd3 c5 26. b3 Rh5 27. Be2 g6
28. b4 cxb4 29. cxb4 Rc8 30. Ke1 Re8 31. Rd5 f4 32. Rxd6 Bc6 33. Rxg6 f3 34.
gxf3 Bxf3 35. Rg3 Rxe2+ 36. Kf1 Rxa2 37. Rxf3 Ra1+ 38. Kg2 Rg5+ 39. Rg3 Rxg3+
40. Kxg3 Rb1 41. f4 Rxb4 42. f5 Kc7 43. f6 Kd7 44. h4 Ke8 45. h5 Kf7 46. Kf3
Kxf6 47. Ke3 Ke5 48. Kf3 Re4 49. Kf2 Kf4 0-1

[Event "AUTO-INT-2757"]
[Site "http://www.queenalice.com/game.php?id=1232086"]
[Date "2013.11.13"]
[Round "1"]
[White "tonycap"]
[Black "juim"]
[Result "0-1"]
[WhiteElo "1656"]
[BlackElo "1596"]

1. e4 e5 2. Bc4 Bc5 3. Qf3 Nf6 4. Qf5 d6 5. Qg5 Bxf2+ 6. Kxf2 Nxe4+ 7. Ke1 Nxg5
8. Nc3 O-O 9. h4 Ne6 10. Nf3 Nf4 11. Rh2 Bg4 12. d3 Qe7 13. Ng5 Ne6 14. Nd5 Qd7
15. Ne4 Bf5 16. Bg5 Bxe4 17. dxe4 Qa4 18. Ne7+ Kh8 19. Bd3 Qb4+ 20. Kf2 Qxb2 21.
Re1 Nc5 22. Rh3 Nxd3+ 23. Rxd3 Qxc2+ 24. Rd2 Qc5+ 25. Be3 Qb4 26. Kf3 d5 27.
Nxd5 Qa5 28. h5 f5 29. exf5 h6 30. Ne7 Nc6 31. Ng6+ Kh7 32. Nxf8+ Rxf8 33. Kg4
e4 34. Kf4 Qxf5+ 35. Kg3 Ne5 36. Kh2 Ng4+ 37. Kg1 Nxe3 38. Rxe3 Qf4 39. Ree2 Qg5
40. Rd7 Rf1+ 41. Kxf1 Qf5+ 42. Kg1 Qxd7 43. Rxe4 Qd5 44. Ra4 Qd1+ 45. Kh2 Qxa4
0-1

[Event "AUTO-INT-2757"]
[Site "http://www.queenalice.com/game.php?id=1232087"]
[Date "2013.11.13"]
[Round "1"]
[White "juim"]
[Black "tonycap"]
[Result "0-1"]
[WhiteElo "1534"]
[BlackElo "1663"]

1. e4 e5 2. d4 exd4 3. Qxd4 Nc6 4. Qd2 d6 5. Bb5 Qf6 6. Bxc6+ bxc6 7. Qd3 Be7 8.
Nf3 a5 9. Bg5 Qxb2 10. Bxe7 Nxe7 11. O-O Qxa1 12. Nc3 Qb2 13. h3 O-O 14. Nd4 Ba6
15. Qd1 Qxc3 16. Re1 Rab8 17. Re3 Qc4 18. Rb3 Rxb3 19. cxb3 Qc3 20. Ne2 Qe5 21.
f3 Qb2 22. Nc1 Ng6 23. Kh2 Nf4 24. Kg3 Qxg2+ 25. Kxf4 Qxh3 26. Nd3 Qg2 27. Qb1
Qe2 28. Nb2 Qd2+ 29. Kg3 Qg5+ 30. Kf2 Re8 31. Qd1 d5 32. exd5 Re2+ 33. Qxe2 Bxe2
34. Ke1 Qc1+ 35. Kxe2 Qxb2+ 36. Ke3 cxd5 37. f4 Qxa2 38. Kd4 Qxb3 39. Ke5 Qb5
40. Kd4 a4 41. Ke5 a3 0-1

[Event "AUTO-INT-2757"]
[Site "http://www.queenalice.com/game.php?id=1232088"]
[Date "2013.11.13"]
[Round "1"]
[White "tonycap"]
[Black "APSHOOTER"]
[Result "1-0"]
[WhiteElo "1643"]
[BlackElo "1555"]

1. d4 b6 2. c4 Bb7 3. Nf3 Bxf3 4. gxf3 e6 5. Bf4 Bb4+ 6. Bd2 Qe7 7. Bxb4 Qxb4+
8. Qd2 Qxc4 9. e3 Qd5 10. e4 Qb7 11. Nc3 Nf6 12. O-O-O d5 13. Bb5+ Nbd7 14. Qf4
dxe4 15. fxe4 a6 16. Ba4 O-O-O 17. Rhg1 Nh5 18. Qxf7 g6 19. Qxe6 b5 20. Bb3 Rhe8
21. Qf7 Qc6 22. Kb1 Nhf6 23. Bd5 Nxd5 24. exd5 Qf6 25. Qxh7 Qf5+ 26. Kc1 Qxf2
27. Rgf1 Rh8 28. Qxg6 Qe3+ 29. Kc2 Rxh2+ 30. Kb1 Nb6 31. Rd3 Qe8 32. Qg4+ Kb8
33. Rdf3 Rh8 34. Rf7 Nxd5 35. Nxd5 Rxd5 36. Qf4 Rd8 37. Qxc7+ 1-0

[Event "AUTO-INT-2757"]
[Site "http://www.queenalice.com/game.php?id=1232089"]
[Date "2013.11.13"]
[Round "1"]
[White "APSHOOTER"]
[Black "tonycap"]
[Result "1-0"]
[WhiteElo "1628"]
[BlackElo "1674"]

1. e4 e5 2. Bc4 Nf6 3. d3 Bc5 4. h3 Nc6 5. Nf3 Nd4 6. Nxe5 O-O 7. Be3 d6 8. Bxd4
Bxd4 9. Nxf7 Rxf7 10. Bxf7+ Kxf7 11. c3 Be5 12. Qb3+ Ke7 13. Nd2 Rb8 14. Nf3 Bf4
15. O-O Be6 16. Qd1 Qe8 17. Nd4 Kf8 18. Qf3 Bd7 19. Rae1 Qg6 20. Qxf4 Bxh3 21.
Qg3 Qxg3 22. fxg3 Bg4 23. Rf4 Re8 24. Ref1 c5 25. Nf3 Re6 26. Ng5 Ke7 27. Nxe6
Bxe6 28. a3 a5 29. b4 cxb4 30. axb4 axb4 31. cxb4 b5 32. d4 d5 33. e5 Nh5 34.
Rf8 Nxg3 35. R1f3 Ne2+ 36. Kh2 Nxd4 37. Rf1 Nc6 38. Ra8 Nxe5 39. Ra7+ Bd7 40.
Rc1 Ng4+ 41. Kg1 Ne5 42. Re1 Kd6 43. Rxe5 Kxe5 44. Rxd7 d4 45. Kf2 Ke4 46. Rxg7
d3 47. Rxh7 Kd4 48. g4 d2 49. Rd7+ Kc3 50. g5 Kc2 51. g6 d1=Q 52. Rxd1 Kxd1 53.
g7 Kc2 54. g8=Q Kc3 55. Qg4 Kb3 56. Ke3 Kc3 57. Qd4+ Kb3 58. Kd3 Ka3 59. Kc3 Ka4
60. Qa7# 1-0